| 000 | 01175nam a2200217 i 4500 | ||
|---|---|---|---|
| 001 | 47147 | ||
| 003 | ES-MaACL | ||
| 005 | 20230906161518.0 | ||
| 007 | t| | ||
| 008 | 030404m19281934fr ||||1| fre d | ||
| 245 | 0 | 4 |
_aLes constitutions modernes, Europe-Afrique-Asie-Océanie-Amerique / _ctraductions acompagnées de notices historiques et de notes explicatives par F. R. Dareste et P. Dareste ; quatrième edition entierement refondue par Joseph Delpech et Julien Laferrière ; preface de Ernest Chavegrin. |
| 260 |
_aParis : _b[s.n., _c1928-1934] ( _eBar-le-Duc : _fImp. Contaut Laguerre) |
||
| 300 |
_a7 v. ; _c25 cm. |
||
| 505 | 8 | _aContiene: T.I: Albanie á Grece. -- T.II: Hongrie á Yougoslavie. -- T.III: Additions aux tom. I et II et appendice suivi d'un indez alphabétique des vol. I, II, III. -- T.IV: Amérique latine. -- T.V: Empire britanique-Afrique-Asie. Territoires sous mandat A. -- T.VI: Les Etats-Unis d'Amerique du Nord | |
| 700 | 1 |
_aDareste, F. R. _942704 |
|
| 700 | 1 |
_aDareste, Pierre. _942706 |
|
| 700 | 1 |
_aDelpech, Joseph. _943581 |
|
| 700 | 1 |
_aLaferrière, Julien. _969476 |
|
| 700 | 1 |
_aChavegrin, Ernest. _938255 |
|
| 852 |
_aES-MaACL _jC-7121-27 |
||
| 999 |
_c47147 _d47147 |
||